[Event "Titled Tuesday intern op 27th Feb Late"]
[Site "Chess.com INT"]
[Date "2024.02.27"]
[Round "7"]
[White "Erden, Kadir"]
[Black "Hernandez Ojeda, Garry Anatholy"]
[Result "0-1"]
[WhiteElo "2230"]
[BlackElo "2047"]
[PlyCount "74"]
[EventDate "2024.02.27"]
[EventType "swiss (blitz)"]
[EventRounds "11"]
[EventCountry "USA"]
[SourceTitle "CB10_2024"]
[SourceDate "2024.03.06"]
[SourceVersion "1"]
[SourceVersionDate "2024.03.06"]
[SourceQuality "1"]

1. d4 c5 2. e3 Nf6 3. Nf3 g6 4. Bd3 Bg7 5. 0-0 0-0 6. c3 cxd4 7. exd4 d6 8. Re1 Nc6 9. Bg5 Re8 10. Nbd2 h6 11. Bf4 Nh5 12. Be3 e5 13. dxe5 dxe5 14. Bb5 Qc7 15. Nc4 Rd8 16. Qa4 Be6 17. Rad1 Bd5 18. Nfd2 Ne7 19. Na5 Nf5 20. Bc4 Nxe3 21. Rxe3 Nf4 22. g3 Nh3+ 23. Kf1 Qc5 24. b4 Bxc4+ 25. Naxc4 Qd5 26. Qc2 b5 27. Na5 Qh1+ 28. Ke2 Ng1+ 29. Rxg1 Qxg1 30. Nc6 Rd6 31. Nxe5 Bxe5 32. Rxe5 Rad8 33. Ne4 Rd1 34. Rxb5 Qf1+ 35. Kf3 Qxb5 36. c4 Qf5+ 37. Ke3 R1d3+ 0-1

[Event "Titled Tuesday intern op 27th Feb Late"]
[Site "Chess.com INT"]
[Date "2024.02.27"]
[Round "3"]
[White "Erden, Kadir"]
[Black "Marin Masis, Jose Esteban"]
[Result "1-0"]
[WhiteElo "2230"]
[BlackElo "1938"]
[PlyCount "61"]
[EventDate "2024.02.27"]
[EventType "swiss (blitz)"]
[EventRounds "11"]
[EventCountry "USA"]
[SourceTitle "CB10_2024"]
[SourceDate "2024.03.06"]
[SourceVersion "1"]
[SourceVersionDate "2024.03.06"]
[SourceQuality "1"]

1. e4 c5 2. Nf3 Nc6 3. Bb5 g6 4. Bxc6 bxc6 5. 0-0 Bg7 6. Re1 Nf6 7. d3 0-0 8. Bd2 Rb8 9. Bc3 d5 10. e5 Ne8 11. b3 Nc7 12. Ba5 Qd7 13. Nc3 Ne6 14. Na4 Rb5 15. Bd2 Ba6 16. c4 Rbb8 17. Be3 d4 18. Bc1 Qc7 19. Ba3 Qa5 20. Qd2 Qc7 21. Nxc5 Nxc5 22. Bxc5 Rfd8 23. Re4 Bc8 24. Rae1 Bf5 25. Rxd4 Rxd4 26. Nxd4 Bxe5 27. Nxf5 Bxh2+ 28. Kh1 gxf5 29. Qg5+ Kh8 30. Bxe7 Be5 31. Rxe5 1-0

[Event "Titled Tuesday intern op 27th Feb Late"]
[Site "Chess.com INT"]
[Date "2024.02.27"]
[Round "10"]
[White "Erden, Kadir"]
[Black "Mendes, Aaron Reeve"]
[Result "0-1"]
[WhiteElo "2230"]
[BlackElo "2309"]
[PlyCount "96"]
[EventDate "2024.02.27"]
[EventType "swiss (blitz)"]
[EventRounds "11"]
[EventCountry "USA"]
[SourceTitle "CB10_2024"]
[SourceDate "2024.03.06"]
[SourceVersion "1"]
[SourceVersionDate "2024.03.06"]
[SourceQuality "1"]

1. d4 Nf6 2. Bg5 Ne4 3. Bf4 d5 4. e3 c5 5. Bd3 Nc6 6. Bxe4 dxe4 7. d5 Nb4 8. Nc3 e6 9. d6 g5 10. Be5 f6 11. Qh5+ Kd7 12. Qf7+ Kc6 13. Bxf6 Qd7 14. Qxd7+ Bxd7 15. 0-0-0 Rg8 16. Nxe4 Nxa2+ 17. Kb1 Nb4 18. Nf3 Kb6 19. Ne5 Ba4 20. Nc4+ Kc6 21. b3 Bb5 22. Ne5+ Kb6 23. c4 Bc6 24. Nxc6 Nxc6 25. Bxg5 h6 26. Bf4 a5 27. Nc3 Nb4 28. Bg3 Kc6 29. Rd2 Bg7 30. Na4 b5 31. cxb5+ Kxb5 32. Rc1 Nd5 33. Rxc5+ Kb4 34. Kc2 Rgc8 35. Rxc8 Rxc8+ 36. Kd3 Kxb3 37. d7 Rd8 38. Nc5+ Kb4 39. Rc2 a4 40. Rc4+ Kb5 41. Nxe6 Rxd7 42. Nxg7 Rxg7 43. Rc1 Nb4+ 44. Ke2 a3 45. Bd6 a2 46. Ra1 Ra7 47. Kd2 Rd7 48. Kc3 Rxd6 0-1

[Event "Titled Tuesday intern op 27th Feb Late"]
[Site "Chess.com INT"]
[Date "2024.02.27"]
[Round "6"]
[White "Pinero Rodriguez, Carlos Jose"]
[Black "Erden, Kadir"]
[Result "1-0"]
[WhiteElo "2242"]
[BlackElo "2230"]
[PlyCount "115"]
[EventDate "2024.02.27"]
[EventType "swiss (blitz)"]
[EventRounds "11"]
[EventCountry "USA"]
[SourceTitle "CB10_2024"]
[SourceDate "2024.03.06"]
[SourceVersion "1"]
[SourceVersionDate "2024.03.06"]
[SourceQuality "1"]

1. e4 c6 2. d3 d5 3. Nd2 e5 4. Ngf3 Bd6 5. c3 Nf6 6. g3 0-0 7. Bg2 Re8 8. 0-0 Nbd7 9. Re1 a5 10. a4 Nf8 11. h3 b6 12. Qc2 Ba6 13. Nf1 h6 14. Ne3 Rc8 15. Nf5 Ng6 16. b3 Bf8 17. Rd1 Qd7 18. Bb2 Qe6 19. c4 d4 20. Bc1 Ne7 21. g4 Nh7 22. Bd2 Ng6 23. Re1 Bb4 24. Bxb4 axb4 25. Ng3 Nf4 26. Ne2 Nxg2 27. Kxg2 g6 28. Ng3 Qf6 29. Qd2 c5 30. Qxh6 Ra8 31. h4 Bc8 32. Nh2 Qg7 33. Qd2 Qf6 34. Qh6 Qg7 35. Qxg7+ Kxg7 36. Rf1 Nf6 37. g5 Nd7 38. Ng4 Rh8 39. Rh1 Bb7 40. Raf1 Rae8 41. f4 exf4 42. Rxf4 Ne5 43. Nxe5 Rxe5 44. Rhf1 Rf8 45. R1f2 Bc8 46. Nf1 Re7 47. Nh2 Be6 48. Ng4 Rh8 49. Ne5 Ra7 50. Kg3 Rc7 51. Ng4 Ra7 52. Rf6 Re7 53. Ne5 Ree8 54. Nxf7 b5 55. axb5 Rhf8 56. Ne5 Rxf6 57. Rxf6 Bxc4 58. Nxc4 1-0

[Event "Istanbul Bagcilar op"]
[Site "Istanbul"]
[Date "2023.09.04"]
[Round "3"]
[White "Tirpan, Ceren"]
[Black "Erden, Kadir"]
[Result "1/2-1/2"]
[WhiteElo "1897"]
[BlackElo "2241"]
[PlyCount "64"]
[EventDate "2023.09.03"]
[EventType "swiss"]
[EventRounds "9"]
[EventCountry "TUR"]
[SourceTitle "EXT 2024"]
[Source "ChessBase"]
[SourceDate "2023.10.10"]
[SourceVersion "1"]
[SourceVersionDate "2023.10.10"]
[SourceQuality "1"]

1. Nf3 Nf6 2. g3 g6 3. Bg2 Bg7 4. 0-0 0-0 5. d4 d6 6. c4 Nc6 7. Nc3 a6 8. b3 Rb8 9. a4 Bf5 10. Bb2 Ne4 11. Rc1 Nxc3 12. Bxc3 Be4 13. d5 Bxc3 14. Rxc3 Bxf3 15. exf3 Ne5 16. f4 Nd7 17. Re1 f5 18. h4 Nf6 19. Bf3 b5 20. cxb5 axb5 21. Qc2 bxa4 22. bxa4 Rb7 23. Rce3 Rf7 24. Qc4 Nd7 25. Qe2 Nc5 26. h5 Ra7 27. Rxe7 Rxe7 28. Qxe7 Qxe7 29. Rxe7 Rxa4 30. h6 Ra8 31. Rg7+ Kh8 32. Rxc7 Rd8 1/2-1/2

[Event "Titled Tuesday intern op 08th June"]
[Site "Chess.com INT"]
[Date "2021.06.08"]
[Round "5"]
[White "Erden, Kadir"]
[Black "Balakrishnan, Praveen"]
[Result "0-1"]
[WhiteElo "2271"]
[BlackElo "2500"]
[PlyCount "74"]
[EventDate "2021.06.08"]
[EventType "swiss (blitz)"]
[EventRounds "11"]
[EventCountry "USA"]
[SourceTitle "CBM 202 Extra"]
[Source "ChessBase"]
[SourceDate "2021.07.31"]
[SourceVersion "1"]
[SourceVersionDate "2021.07.31"]
[SourceQuality "1"]

1. d4 g6 2. e4 Bg7 3. Nc3 a6 4. Nf3 b5 5. Bd3 Bb7 6. 0-0 d6 7. Re1 Nd7 8. a4 b4 9. Nd5 c5 10. c3 bxc3 11. bxc3 cxd4 12. cxd4 Bxd5 13. exd5 Ngf6 14. Bg5 0-0 15. Qd2 Nb6 16. Bxf6 Bxf6 17. a5 Nxd5 18. Be4 e6 19. Bxd5 exd5 20. Qa2 Rb8 21. Qxd5 Rb5 22. Qc6 Rxa5 23. Rxa5 Qxa5 24. Qxd6 Kg7 25. Qf4 Rd8 26. Rd1 Qa4 27. Qd2 Rd5 28. h4 h5 29. Qd3 a5 30. g3 Qd7 31. Qe4 a4 32. Kg2 Ra5 33. Ra1 a3 34. Ra2 Qb5 35. Qc2 Qd5 36. Qd2 Ra4 37. Ra1 Rxd4 0-1

[Event "Titled Tuesday intern op 08th June"]
[Site "Chess.com INT"]
[Date "2021.06.08"]
[Round "1"]
[White "Erden, Kadir"]
[Black "Jobava, Baadur"]
[Result "1/2-1/2"]
[WhiteElo "2271"]
[BlackElo "2603"]
[PlyCount "111"]
[EventDate "2021.06.08"]
[EventType "swiss (blitz)"]
[EventRounds "11"]
[EventCountry "USA"]
[SourceTitle "CBM 202 Extra"]
[Source "ChessBase"]
[SourceDate "2021.07.31"]
[SourceVersion "1"]
[SourceVersionDate "2021.07.31"]
[SourceQuality "1"]

1. d4 Nf6 2. Bg5 e6 3. e4 h6 4. Bxf6 Qxf6 5. c3 Qd8 6. Bd3 b6 7. Ne2 Bb7 8. 0-0 Be7 9. f4 0-0 10. Nd2 d6 11. Nf3 Nd7 12. Ng3 Re8 13. Qd2 e5 14. Nf5 Bf8 15. Rae1 g6 16. Ng3 h5 17. f5 Bg7 18. fxg6 fxg6 19. d5 Rf8 20. b4 a5 21. a3 axb4 22. axb4 Qe7 23. Bb5 Nf6 24. h3 Nh7 25. Ra1 Rxa1 26. Rxa1 Bc8 27. Qe3 h4 28. Nh1 Nf6 29. Nf2 Nh5 30. Ra7 Nf4 31. Bf1 Bh6 32. Kh1 Qg7 33. Qe1 Nxh3 34. Nxh3 Bxh3 35. Qxh4 Bc8 36. Be2 Be3 37. Ra8 Bd7 38. Rxf8+ Qxf8 39. g3 Kg7 40. Kg2 Qf6 41. Qxf6+ Kxf6 42. b5 g5 43. Nh2 Bd2 44. c4 Be8 45. Bg4 Bg6 46. Kf3 Bc3 47. Bd7 Bd4 48. Ng4+ Ke7 49. Bf5 Bh5 50. Kg2 Bc3 51. Kf3 Be1 52. Kg2 Kf7 53. Kf3 Kg7 54. Kg2 Bb4 55. Kf3 Bc5 56. Kg2 1/2-1/2

[Event "Titled Tuesday intern op 08th June"]
[Site "Chess.com INT"]
[Date "2021.06.08"]
[Round "4"]
[White "Samadov, Read"]
[Black "Erden, Kadir"]
[Result "1/2-1/2"]
[WhiteElo "2332"]
[BlackElo "2271"]
[PlyCount "121"]
[EventDate "2021.06.08"]
[EventType "swiss (blitz)"]
[EventRounds "11"]
[EventCountry "USA"]
[SourceTitle "CBM 202 Extra"]
[Source "ChessBase"]
[SourceDate "2021.07.31"]
[SourceVersion "1"]
[SourceVersionDate "2021.07.31"]
[SourceQuality "1"]

1. d4 d5 2. c4 c6 3. Nf3 Nf6 4. e3 Bf5 5. Bd3 Bxd3 6. Qxd3 e6 7. 0-0 Bd6 8. b3 0-0 9. Bb2 Qe7 10. Nbd2 Ba3 11. Bxa3 Qxa3 12. e4 dxe4 13. Nxe4 Nxe4 14. Qxe4 Nd7 15. Qe2 Nf6 16. Rad1 Rfd8 17. Rfe1 h6 18. Ne5 Rd6 19. Rd3 Rad8 20. Qd2 a5 21. Rg3 Qb4 22. Qc1 Rxd4 23. Rf1 Qd2 24. Qa3 Qb4 25. Qc1 Kf8 26. Rf3 Qc5 27. Re1 Kg8 28. Rg3 Rd2 29. Rf3 Ne4 30. Nxf7 Rxf2 31. Kh1 Rxf3 32. gxf3 Nf2+ 33. Kg2 Rf8 34. Ne5 Rf5 35. Qe3 Rg5+ 36. Kxf2 Rxe5 37. Qxc5 Rxc5 38. Rxe6 a4 39. Re7 axb3 40. axb3 b5 41. Re4 bxc4 42. bxc4 Kf7 43. Ke3 Kf6 44. Kd4 Rf5 45. f4 g5 46. fxg5+ hxg5 47. Kc3 Rf2 48. h4 gxh4 49. Rxh4 Ke6 50. Rh6+ Kd7 51. Kb4 Rf5 52. Rg6 Kc7 53. Rg7+ Kb6 54. Rg6 Rh5 55. Rf6 Rg5 56. Re6 Rh5 57. Rg6 Rf5 58. Rh6 Rg5 59. Re6 Rh5 60. Rf6 Rg5 61. Re6 1/2-1/2

[Event "Titled Tuesday intern op 18th May"]
[Site "Chess.com INT"]
[Date "2021.05.18"]
[Round "4"]
[White "Erden, Kadir"]
[Black "Leitao, Rafael Duailibe"]
[Result "0-1"]
[WhiteElo "2271"]
[BlackElo "2592"]
[PlyCount "60"]
[EventDate "2021.05.18"]
[EventType "swiss (blitz)"]
[EventRounds "11"]
[EventCountry "USA"]
[SourceTitle "CBM 202 Extra"]
[Source "ChessBase"]
[SourceDate "2021.07.31"]
[SourceVersion "1"]
[SourceVersionDate "2021.07.31"]
[SourceQuality "1"]

1. d4 Nf6 2. Bg5 d5 3. Bxf6 exf6 4. e3 c6 5. Nd2 Bd6 6. Bd3 f5 7. Qf3 g6 8. h3 h5 9. 0-0-0 Nd7 10. Ne2 Nf6 11. Nf4 Be6 12. Nxe6 fxe6 13. Qe2 Qc7 14. f3 0-0-0 15. Kb1 e5 16. dxe5 Bxe5 17. e4 Qb6 18. Nb3 dxe4 19. fxe4 f4 20. Bc4 Kc7 21. a4 Qe3 22. Qxe3 fxe3 23. Bd3 Bg3 24. Rdf1 Bf2 25. Nc5 Rhe8 26. Kc1 b6 27. Na6+ Kb7 28. Nb4 Nxe4 29. Ba6+ Kc7 30. Nd3 Ng3 0-1

[Event "Titled Tuesday intern op 18th May"]
[Site "Chess.com INT"]
[Date "2021.05.18"]
[Round "11"]
[White "Erden, Kadir"]
[Black "Smirnova, Ekaterina"]
[Result "1-0"]
[WhiteElo "2271"]
[BlackElo "2240"]
[PlyCount "101"]
[EventDate "2021.05.18"]
[EventType "swiss (blitz)"]
[EventRounds "11"]
[EventCountry "USA"]
[SourceTitle "CBM 202 Extra"]
[Source "ChessBase"]
[SourceDate "2021.07.31"]
[SourceVersion "1"]
[SourceVersionDate "2021.07.31"]
[SourceQuality "1"]

1. d4 d5 2. Nf3 Nf6 3. Bg5 c6 4. Nbd2 Bf5 5. c3 e6 6. Nh4 Bg4 7. h3 Bh5 8. g4 Bg6 9. Nxg6 hxg6 10. Bg2 Nbd7 11. Qb3 Qb6 12. 0-0 Bd6 13. e3 0-0 14. f4 Qxb3 15. axb3 a6 16. Bh4 c5 17. g5 Ne8 18. Bf2 Nc7 19. h4 cxd4 20. cxd4 Rac8 21. Rfc1 Nb5 22. Nf3 Bb4 23. Bf1 Rfd8 24. Bd3 Nd6 25. Be1 Bxe1 26. Nxe1 Rxc1 27. Rxc1 Rc8 28. Rc3 Kf8 29. Kf2 Ke7 30. Kf3 Rxc3 31. bxc3 Nf5 32. Ng2 a5 33. e4 dxe4+ 34. Bxe4 b6 35. Ke2 Ng3+ 36. Kd3 Nxe4 37. Kxe4 Kd6 38. Ne3 b5 39. c4 bxc4 40. Nxc4+ Kc6 41. Nxa5+ Kb5 42. Nc4 Kb4 43. Ne5 f5+ 44. Kd3 Nf8 45. Kc2 Kb5 46. Kc3 Kb6 47. Kc4 Kc7 48. d5 exd5+ 49. Kxd5 Kd8 50. Kd6 Kc8 51. Ke7 1-0

[Event "Titled Tuesday intern op 04th May"]
[Site "Chess.com INT"]
[Date "2021.05.04"]
[Round "6"]
[White "Erden, Kadir"]
[Black "Gombocz, Ferenc Jr"]
[Result "1-0"]
[WhiteElo "2271"]
[BlackElo "2275"]
[PlyCount "47"]
[EventDate "2021.05.04"]
[EventType "swiss (blitz)"]
[EventRounds "11"]
[EventCountry "USA"]
[SourceTitle "CBM 202 Extra"]
[Source "ChessBase"]
[SourceDate "2021.07.31"]
[SourceVersion "1"]
[SourceVersionDate "2021.07.31"]
[SourceQuality "1"]

1. d4 d5 2. Bf4 Nf6 3. e3 c5 4. Nc3 a6 5. Nge2 Nc6 6. f3 Qb6 7. Na4 Qa5+ 8. c3 cxd4 9. exd4 e6 10. b4 Qd8 11. Nc1 Nh5 12. Be3 Bd6 13. g3 0-0 14. Nd3 e5 15. dxe5 Nxe5 16. Nxe5 Bxe5 17. Bd4 Nxg3 18. hxg3 Bxg3+ 19. Kd2 Re8 20. Bd3 Bf5 21. Kc2 Bxd3+ 22. Qxd3 Qg5 23. Qxh7+ Kf8 24. Bc5+ 1-0

[Event "Titled Tuesday intern op 04th May"]
[Site "Chess.com INT"]
[Date "2021.05.04"]
[Round "1"]
[White "Zhou, Qiyu"]
[Black "Erden, Kadir"]
[Result "0-1"]
[WhiteElo "2229"]
[BlackElo "2271"]
[PlyCount "103"]
[EventDate "2021.05.04"]
[EventType "swiss (blitz)"]
[EventRounds "11"]
[EventCountry "USA"]
[SourceTitle "CBM 202 Extra"]
[Source "ChessBase"]
[SourceDate "2021.07.31"]
[SourceVersion "1"]
[SourceVersionDate "2021.07.31"]
[SourceQuality "1"]

1. e4 c5 2. Nf3 e6 3. d4 cxd4 4. Nxd4 Nc6 5. Nc3 Qc7 6. Be3 a6 7. a3 Nf6 8. Be2 b5 9. Nxc6 dxc6 10. 0-0 e5 11. Kh1 Bd6 12. Qd2 Be6 13. Rad1 Rd8 14. Qc1 0-0 15. f3 a5 16. Bg5 Be7 17. Qe3 b4 18. axb4 axb4 19. Na4 c5 20. f4 Rxd1 21. Rxd1 exf4 22. Bxf4 Qc6 23. b3 Qxe4 24. Qxe4 Nxe4 25. Kg1 g5 26. Be3 Rc8 27. Nb6 Rc6 28. Nd5 Bxd5 29. Rxd5 Nc3 30. Rd2 Nxe2+ 31. Rxe2 Re6 32. Kf2 Kg7 33. Rd2 g4 34. g3 Rxe3 35. Kxe3 Bg5+ 36. Kd3 Bxd2 37. Kxd2 Kf6 38. Kd3 Ke5 39. Kc4 Kd6 40. Kd3 Kd5 41. Ke3 Ke5 42. Kd3 f5 43. Kc4 f4 44. gxf4+ Kxf4 45. Kxc5 h5 46. Kxb4 h4 47. c4 g3 48. hxg3+ hxg3 49. c5 g2 50. c6 g1Q 51. c7 Qb6+ 52. Ka4 0-1